000 00778nam a2200157 i 4500
001 190358
003 ES-MaACL
005 20230906223725.0
008 201112s1879 sp |||| | spa d
245 0 0 _aContestación al interrogatorio acerca de las clasificaciones y los valores de los tejidos de lana, que elevan a la Comisión de Información, el Instituto Industrial de Cataluña y el Fomento de la Producción Nacional, unidos á los centros fabriles de Sabadell y Tarrasa.
260 _a[S.l.] :
_b[s.n.],
_c1879 (
_eBarcelona :
_fEstabl. Tip. de los sucesores de Ramírez y Compañía)
300 _a30 p. ;
_c26 cm.
594 _aPrecede al título: Información especial arancelaria.
650 _aLana-
_xAranceles y tarifas.
_9136338
852 _aES-MaACL
_jT-666-F-15
999 _c190358
_d190358